ბათუმის შოთა რუსთაველის სახელმწიფო უნივერსიტეტის ბიბლიოთეკა

ქართველი ებრაელები საქართველოს საარქივო დოკუმენტებში = Georgian Jews in Archival Documents of Georgia / (ბიბ.ჩანაწერი № 55766)

000 -ლიდერი
ფიქსირებული სიგრძის საკონტროლო ველი 02634nam a2200265Ia 4500
001 - საკონტროლო ნომერი
საკონტროლო ველი 22863
003 - საკონტროლო ნომრის იდენტიფიკატორი
საკონტროლო ველი GE_BSU
005 - ბოლო ოპერაციის თარიღი და დრო
საკონტროლო ველი 20230529170854.0
008 - ფიქსირებული სიგრძის მონაცემთა ელემენტები - ზოგადი ინფორმაცია
ფიქსირებული სიგრძის საკონტროლო ველი 181216s ||||ge |||||||||||||| ||geo||
020 ## - წიგნის საერთაშორისო სტანდარტული ნომერი
International Standard Book Number 9789941263132
040 ## - კატალოგიზაციის წყარო
Transcribing agency GE_BSU
041 ## - ენის კოდი
Language code of text/sound track or separate title geo
080 ## - უნივერსალური ათობითი კლასიფიკაციის ინდექსი
Universal Decimal Classification number 930(411.16)(479.22) ქ-27
245 ## - ცნობა სათაურის შესახებ
Title ქართველი ებრაელები საქართველოს საარქივო დოკუმენტებში = Georgian Jews in Archival Documents of Georgia /
Statement of responsibility, etc ავტორ-შემდგენლები : ნატო ახალაია, ინგა ზამბახიძე, გურამ ლორთქიფანიძე და სხვ. ; რედ. კონსტანტინე ლერნერი.
264 ## - წარმოების, გამოცემის, დისტრიბუციის და სხვა ცნობები
გამოცემის, წარმოების, დისტრიბუციის... ადგილი თბილისი :
გამოცემის, წარმოების, დისტრიბუციის... სახელწოდება უნივერსალი,
გამოცემის, წარმოების, დისტრიბუციის... თარიღი 2018.
300 ## - ფიზიკური აღწერა
Extent 249 გვ. ;
Dimensions 27 სმ.
500 ## - ზოგადი შენიშვნა
General note გარეკანზე : თორას გრაგნილი(ხელნაწერთა ეროვნული ცენტრი). ეძღვნება საქართველოს პირველი დემოკრატიული რესპუბლიკისა და ივანე ჯავახიშვილის სახელობის თბილისის სახელმწიფო უნივერსიტეტის 100წლის იუბილეს ; ისრაელის დაარსების 70 წლის იუბილეს
520 ## - SUMMARY, ETC.
Summary, etc გარეკანზე:თორას გრაგნილი(ხელნაწერთა ეროვნული ცენტრი). ეძღვნება საქართველოს პირველი დემოკრატიული რესპუბლიკისა და ივანე ჯავახიშვილის სახელობის თბილისის სახელმწიფო უნივერსიტეტის 100წლის იუბილეს;ისრაელის დაარსების 70წლის იუბილეს.
653 ## - INDEX TERM--UNCONTROLLED
Uncontrolled term არქივი
653 ## - INDEX TERM--UNCONTROLLED
Uncontrolled term ისტორია
653 ## - INDEX TERM--UNCONTROLLED
Uncontrolled term ქართველი ებრაელები საქართველოს საარქივო დოკუმენტებში = Georgian Jews in Archival Documents of Georgia
700 ## - ADDED ENTRY--PERSONAL NAME
Personal name ლერნერი, კონსტანტინე
Relator term რედაქტორი
9 (RLIN) 18279
942 ## - ADDED ENTRY ELEMENTS (KOHA)
Koha item type წიგნი
Source of classification or shelving scheme
ეგზემპლარები
ჩამოწერის სტატუსი დაკარგული ეგზემპლარის სტატუსი კლასიფიკაციის წყარო ან თაროზე გაწყობის სქემა დაზიანების სტატუსი არ გაიცემა მუდმივი მდებარეობა (დაცვის ადგილი) ამჟამინდელი ადგილსამყოფელი თაროზე განთავსების ადგილი შეძენის თარიღი ღირებულება, შესყიდვის ნორმალური ფასი სრული შენახვის შიფრი შტრიხკოდი ბოლო ოპერაციის თარიღი ეგზემპლარის მიმდევრობითი ნომერი (კეტერი?) ფასის ძალაში შესვლის თარიღი ეგზემპლარის სახეობა საჯარო შენიშვნა
          ბათუმის შოთა რუსთაველის სახელმწიფო უნივერსიტეტის მთავარი ბიბლიოთეკა ბათუმის შოთა რუსთაველის სახელმწიფო უნივერსიტეტის მთავარი ბიბლიოთეკა წიგნსაცავი 2018-12-17 15.00 930(411.16)(479.22) ქ-27 58343 2018-12-17 58343 2018-12-17 წიგნი 15.00 ₾.
          ბათუმის შოთა რუსთაველის სახელმწიფო უნივერსიტეტის მთავარი ბიბლიოთეკა ბათუმის შოთა რუსთაველის სახელმწიფო უნივერსიტეტის მთავარი ბიბლიოთეკა   2026-02-06 15.00 930(411.16)(479.22) ქ-27 73666 2026-02-06 73666 2026-02-06 წიგნი 15 ლ.